banner koha

Ensino, pesquisa e extensão: (Registro n. 18962)

MARC details
000 -LÍDER
Campo de controle fixo 00795nam a22002777a 4500
001 - NÚMERO DE CONTROLE
Número de controle BR7375679
003 - CÓDIGO MARC DA AGÊNCIA CATALOGADORA
Campo de controle BR-BrBNA
005 - DATA E HORA DA ÚLTIMA ATUALIZAÇÃO
Campo de controle 20240930103546.0
008 - CAMPO DE TAMANHO FIXO
Campo fixo de controle 230509b bl.||||| |||| 00| 0 por d
040 ## - FONTE DA CATALOGAÇÃO
Agência catalogadora BR-BrBNA
Idioma da catalogação por
041 ## - CÓDIGO DO IDIOMA
Código do Idioma (Por)
072 ## - CATEGORIA AGRIS
Código da categoria de assunto/objeto <a href="C00; E10">C00; E10</a>
Código do objeto /G514
090 ## - NÚMERO DE CHAMADA
Localização na estante C00
Código BR BR7375679
100 1# - ENTRADA PRINCIPAL - NOME PESSOAL
Nome pessoal Rocha, Fernando A. S.
110 1# - ENTRADA PRINCIPAL - ENTIDADE
Nome da entidade ou lugar Associacao Internacional de Economistas Agricolas, Sao Paulo, SP (Brasil)
9 (RLIN) 635
245 1# - TÍTULO PRINCIPAL
Título principal Ensino, pesquisa e extensão:
Subtítulo o caso brasileiro na área da economia rural /
300 ## - DESCRIÇÃO FÍSICA
Extensão 18 p.
500 ## - NOTA GERAL
Notas gerais 9 ref.
650 ## - ASSUNTO - THESAGRO
Cabeçalho tópico ou nome geográfico Educação
650 ## - ASSUNTO - THESAGRO
Cabeçalho tópico ou nome geográfico Macroeconomia
650 ## - ASSUNTO - THESAGRO
Cabeçalho tópico ou nome geográfico Extensão rural
650 ## - ASSUNTO - THESAGRO
Cabeçalho tópico ou nome geográfico Economia agrícola
909 ## - IDENTIFICAÇÃO DO CATALOGADOR
Ano e mês da catalogação (aaaamm) 09/2024
Identificação do catalogador SARAH
942 ## - TIPO ESPECÍFICO
Tipo de material Livros
952 ## - LOCATION AND ITEM INFORMATION (KOHA)
-- 2023-09-25
-- 2023-09-25
-- Portaria Interministerial nº 164/94
Exemplares
Status de empréstimo Fonte de classificação Status de danificação Não pode ser emprestado Código da coleção Localização permanente Localização atual Localização na estante Total Checkouts Número de chamada Código de barras Número de exemplar Tipo de material Perdido
  Classificação AGRIS     Agrobase Biblioteca Nacional de Agricultura - Binagri Biblioteca Nacional de Agricultura - Binagri Agrobase - Acervo Geral   C00 BR7375679 2024-5231 01 Livros  

BINAGRI

Telefone: (61)3218-2567/2388/3357/2097 - binagri@agro.gov.br

Ministério da Agricultura e Pecuária , Esplanada dos Ministérios, Bloco D, Anexo B, Brasília/DF, CEP: 70.043-900